Los días del presidente Cárdenas /

Publicada originalmente como parte de la Historia de la Revolución Mexicana, dirigida por Daniel Cosío Villegas, esta obra aborda el período presidencial de Lázaro Cárdenas, enfocado, en primer lugar, al fortalecimiento de la presidencia; posteriormente, a la organización del campesinado, a la expro...

Whakaahuatanga katoa

I tiakina i:
Ngā taipitopito rārangi puna kōrero
Kaituhi matua: González y González, Luis (coord.)
Hōputu: Pukapuka
Reo:Pāniora
I whakaputaina: México : Clío : El Colegio Nacional, 1997, c1997
Ngā marau:
Ngā Tūtohu: Tāpirihia he Tūtohu
Kāore He Tūtohu, Me noho koe te mea tuatahi ki te tūtohu i tēnei pūkete!

MARC

LEADER 00000nam^a2200000^a^4500
001 000285583
005 20250521000000.0
009 20260526134727.767
020 |a 968-6932-79-8 
020 |a 968-6932-71-2 
037 |a Acervo ITESO - Biblioteca 
041 |a ESP 
082 |a 972.  |b GON OBR V. 8 
100 |a González y González, Luis  |e (coord.) 
240 1 1 |a [Obras completas de Luis González y González] 
240 1 1 |a [Historia de la Revolución Mexicana] 
245 1 4 |a Los días del presidente Cárdenas /  |c Coord. de L. González y González. 
264 4 |a México :  |b Clío :  |b El Colegio Nacional,  |c 1997, c1997 
300 |a 364 p. 
336 |a texto  |b txt  |2 rdacontenido 
337 |a sin mediación  |b n  |2 rdamedio 
338 |a volumen  |b nc  |2 rdasoporte 
520 |a Publicada originalmente como parte de la Historia de la Revolución Mexicana, dirigida por Daniel Cosío Villegas, esta obra aborda el período presidencial de Lázaro Cárdenas, enfocado, en primer lugar, al fortalecimiento de la presidencia; posteriormente, a la organización del campesinado, a la expropiación petrolera y a su activa iniciativa de industrializar al país. 
649 |a XX 
650 |a Cardenismo -  |x Historia -  |x Tema Principal 
650 |a Presidencialismo -  |z México 
650 |a Expropiación Petrolera, 1938 
650 |a Exilio Español en México 
650 |a Agrarismo -  |z México 
650 |a Industrialización -  |z México 
650 |a Nacionalización -  |z México 
650 |a Política Agraria -  |z México 
650 |a Política Educativa -  |z México 
650 |a Política Cultural -  |z México 
650 |a Política Económica -  |z México 
650 |a Economía -  |z México -  |x Historia -  |y Régimen Cardenista, 1934-1940 
650 |a Política -  |z México -  |x Historia -  |y Régimen Cardenista, 1934-1940 
650 |a Política -  |z México -  |x Historia -  |y 1910-1946 
650 |a Política -  |z México -  |x Historia -  |y 1928-2000 
650 |a México -  |x Historia -  |y Régimen Cardenista, 1934-1940 
650 |a México -  |x Historia -  |y 1910-1946 
650 |a México -  |x Historia -  |y 1928-2000 
650 |a Cárdenas, Lázaro -  |x Tema Principal 
910 |a Fondo General 
920 |a Impresos - Libros 
930 |a Colección General 
905 |a 101 
901 |a 0500172175  |b IT1  |c ACC  |u 20250521 
902 |a https://opac.biblio.iteso.mx/vufind/Record/000285583